Chi Vuol Essere Milionario? - Calcio - Statistics

Statistiche generali
  • Questo quiz è stato fatto 696 volte
  • Il punteggio medio è 11 su 15
Statistiche sulle risposte
Domanda Risposta % Corretto
500€ Di che colore è la maglia casalinga del Napoli? Azzurro
100%
1.500€ Chi ha vinto i Mondiali del 2006 disputati in Germania? Italia
99%
2.000€ In quale città si trova lo stadio "San Siro" (Giuseppe Meazza)? Milano
99%
1.000€ Quanti giocatori scendono in campo per ogni squadra all'inizio della partita? 11
98%
3.000€ Quale squadra detiene il record di Champions League vinte? Real Madrid
97%
5.000€ Come viene soprannominato Lionel Messi? La Pulce
96%
150.000€ Chi è l'unico portiere nella storia ad aver vinto il Pallone d'Oro? Lev Yashin
89%
10.000€ Qual è l'unica Nazionale ad aver partecipato a tutte le edizioni dei Mondiali (dal 1930 ad oggi)? Brasile
82%
30.000€ In che anno si è disputata la prima edizione della Coppa del Mondo? 1930
81%
20.000€ Chi è l'unico calciatore nella storia ad aver vinto la Champions League con tre club differenti? Clarence Seedorf
81%
70.000€ Qual è la squadra di calcio più antica d'Italia, fondata nel 1893? Genoa
80%
7.000€ Quale di queste squadre inglesi ha il curioso record di aver vinto più Coppe dei Campioni (Champions League) che Campionati nazionali? Nottingham Forest
78%
1.000.000€ In quale edizione dei Mondiali furono utilizzati fisicamente per la prima volta i cartellini gialli e rossi dall'arbitro? Messico 1970
26%
15.000€ Qual è la distanza esatta che deve mantenere la barriera dal pallone in un calcio di punizione? 9,15 metri
23%
300.000€ Chi è stato l'autore del primo gol in assoluto nella storia dei Mondiali di calcio (13 luglio 1930)? Lucien Laurent (Francia)
15%
Nessun quiz corrispondente trovato
Distribuzione punteggi
Percentuale di utenti per punteggio
Percentile per numero di risposta
I tuoi punteggi nel tempo
Non hai fatto questo quiz